Farming of prawns and shrimps

Na minha lista:
Detalhes bibliográficos
Autor principal: Aput, F. D.
Formato: Livro
Idioma:Undetermined
Publicado em: Manila, Philippines Aquaculture Department Southeast Asian Fisheries Development Center
Assuntos:
Tags: Adicionar Tag
Sem tags, seja o primeiro a adicionar uma tag!
Thư viện lưu trữ: Trung tâm Học liệu Trường Đại học Cần Thơ
LEADER 00558nam a2200169Ia 4500
001 CTU_150696
008 210402s9999 xx 000 0 und d
082 |a 639.63 
082 |b A655 
100 |a Aput, F. D. 
245 0 |a Farming of prawns and shrimps 
245 0 |c F. D. Aput, J. H. Primavera and P. L. Torres 
260 |a Manila, Philippines 
260 |b Aquaculture Department Southeast Asian Fisheries Development Center 
650 |a Shrimp culture,Nuôi tôm 
904 |i Trọng Hải 
980 |a Trung tâm Học liệu Trường Đại học Cần Thơ